000
00328 a2200157 4500
001
186060
020
_a
0-582-41686-8
040
_c
Magnum
100
_a
Mikes, George
240
1
0
_a
How to be an Alien
_l
ING
245
1
0
_a
How to be an Alien
300
_a
42
362
0
_a
2001
697
_a
LITERATURA INGLESA
942
_c
BK
999
_c
186060
_d
186060